| Tag |
First Indicator |
Second Indicator |
Subfields |
| LEADER |
00000cas a2200000 4500 |
| 001 |
in00000595421 |
| 005 |
20151014164425.0 |
| 008 |
770915d19751977cauqr p 0uuua0eng d |
| 035 |
|
|
|a (OCoLC)03265685
|
| 035 |
|
|
|9 ACS3859AM
|
| 040 |
|
|
|a AZS
|c AZS
|d COO
|d TXA
|d UtOrBLW
|
| 049 |
|
|
|a TXAE
|
| 090 |
|
|
|a HD20.15.U5
|b T4
|
| 245 |
0 |
4 |
|a The Teaching of organization behavior.
|
| 264 |
|
1 |
|a [Stanford] :
|b [Stanford University.]
|
| 300 |
|
|
|a 2 volumes ;
|c 28 cm. quarterly.
|
| 336 |
|
|
|a text
|b txt
|2 rdacontent
|
| 337 |
|
|
|a unmediated
|b n
|2 rdamedia
|
| 338 |
|
|
|a volume
|b nc
|2 rdacarrier
|
| 362 |
0 |
|
|a v. 1-2; Jan. 1975-1977.
|
| 500 |
|
|
|a "A journal of teaching theory and technique."
|
| 650 |
|
0 |
|a Management
|x Study and teaching
|z United States
|x Periodicals.
|
| 650 |
|
0 |
|a Organizational change
|v Periodicals.
|
| 785 |
0 |
0 |
|t Exchange: the organizational behavior teaching journal
|
| 948 |
|
|
|a t1
|
| 999 |
|
|
|a MARS
|
| 999 |
f |
f |
|s 5fb5d9e0-794d-33da-8704-7ec6639d290f
|i 0aa29b7e-68f1-39fa-9b98-bbff5032e6ab
|t 0
|
| 952 |
f |
f |
|p ric
|a Texas A&M University
|b Rellis Campus
|c Joint Library Facility
|d Remote Storage
|t 0
|e HD20.15.U5 T4
|h Library of Congress classification
|i unmediated -- volume
|k v.2:no.1/2 -v.2:no.4
|l 1976-1977
|m A14817863652
|
| 998 |
f |
f |
|a HD20.15.U5 T4
|s v.2 (1976/1977)
|t 0
|l Remote Storage
|